Bombardeamento de Hiroshima e Nagasaki - Statistics

Estatísticas Gerais
  • Esse quiz foi jogado 27 vezes
  • A pontuação média é 10 de 15
Estatísticas das Respostas
Questão Resposta % Correto
Quais cidades foram bombardeadas? Hiroshima & Nagasaki
100%
Em qual país? Japão
100%
Quais são os nomes das bombas atômicas? Litlle Boy & Fast Man
100%
Em que ano? 1945
95%
Quem é conhecido como o "Pai da Bomba Atômica"? Robert Oppenheimer
95%
Apesar do Albert Einsten não ter feito participação da criação das bombas, ele é considerado um dos criadores pela sua famosa equação: E= mc²
91%
Qual era o nome do B-29 que jogou a Little Boy? Enola Gay
73%
Você gostou do quiz? (Seja Sincero) Gostei Muito 👍
68%
Qual era o material utilizado na Little Boy? Urânio 235
68%
Em que dia foram bombardeadas? 06 de Agosto & 09 de Agosto
64%
Que horário a Little Boy foi jogada em Hiroshima? 8:15 AM
50%
Quantas Mortes Imeaditas houve com as somas de ambas cidades? 200.000 - 220.000 Mortes
45%
E quantas morreram com o passar do tempo? 246.600
45%
Qual era o material utilizado na Fat Man? Plutônio 239
18%
Que horário a Fat Man foi jogada em Nagasaki? 11:02 AM
14%
Nenhum quiz correspondente encontrado
Distribuição das Pontuações
Porcentagem de Pessoas com Cada Pontuação
Percentil de Números Respondidos
Sua Pontuação Histórica
Você não jogou esse quiz